• 首页
  • 本馆介绍
  • 公告通知
  • 最新文献
  • 馆藏检索
  • 电子资源
  • 读者导购
  • 参考咨询
  • 我的图书馆
  • 登录
  • 详细信息显示
  • 放入我的书架
  • 预约/预借图书
  • 作者相关作品
  • 分类相关作品
  • 丛书相关作品
  • 出版社相关作品

书目信息

  • 表格格式
  • 工作单格式
  • 卡片格式
题名:
豆芽生产新技术
    
 
作者: 叶自新 编
分册:  
出版信息: 北京   金盾出版社  1993.10
页数: 91页
开本: 19cm
丛书名:
单 册:
中图分类: TS214.04
科图分类:
主题词: 豆芽--加工
电子资源:
ISBN: 7-80022-674-3
000 00777nam0 2200241 45
001 0194007813
005 20070721154058.42
010    @a7-80022-674-3@dCNY3.00
100    @a19940220d1993 em y0chiy0121 ea
101 0  @achi
102    @aCN@b110000
105    @af z 000yy
200 10 @a豆芽生产新技术@ADOU YA SHENG CHAN XIN JI SHU@f叶自新编著@FYE ZI XIN BIAN ZHU
210    @a北京@c金盾出版社@d1993.10
215    @a91页@c照片@d19cm
314    @a叶自新,浙江农业大学园艺系副教授
330    @a本书介绍豆芽生产意义和食用价值、豆芽的形态特点及对环境条件的要求、豆芽生产技术等,并附有豆芽菜烹调方法。
540 1  @a豆芽@ADOU YA
606    @a豆芽@x加工
690    @aTS214.04@v4
701  0 @a叶自新@AYE ZI XIN@4编
801  0 @aCN@bTSSF@c20070721
905    @a10447@dTS214.04@e95
    
    豆芽生产新技术/叶自新编著.-北京:金盾出版社,1993.10
    91页:照片;19cm
    
    
    ISBN 7-80022-674-3:CNY3.00
    本书介绍豆芽生产意义和食用价值、豆芽的形态特点及对环境条件的要求、豆芽生产技术等,并附有豆芽菜烹调方法。
●
相关链接 在E读中查询图书 在五车中查询图书 在当当中查询图书 在豆瓣中查询图书


正题名:豆芽生产新技术     索取号:TS214.04/95         预约/预借

序号 登录号 条形码 馆藏地/架位号 状态 备注
1 0769547   207695476   第二样本阅览室/ [索取号:TS214.04/95] 在馆    
唐山师范学院图书馆 欢迎您!
大连网信软件有限公司© 版权所有